Alistair MacLean Bibliography - Statistics

General Stats
  • This quiz has been taken 16 times
  • The average score is 12 of 46
Answer Stats
Type Year Name % Correct
Novel 1957 The Guns of Navarone
100%
Novel 1963 Ice Station Zebra
75%
Novel 1962 The Satan Bug
69%
Novel 1975 Circus
56%
Novel 1955 HMS Ulysses
50%
Novel 1973 The Way to Dusty Death
50%
Novel 1980 Athabasca
44%
Novel 1974 Breakheart Pass
44%
Novel 1961 Fear Is the Key
44%
Novel 1959 Night Without End
44%
Novel 1982 Partisans
44%
Novel 1981 River of Death
44%
Novel 1977 Seawitch
44%
Novel 1966 When Eight Bells Toll
44%
Novel 1970 Caravan to Vaccarès
38%
Novel 1984 San Andreas
38%
Novel 1986 Santorini
38%
Novel 1961 The Dark Crusader
38%
Novel 1976 The Golden Gate
38%
Short Story Collection 1985 The Lonely Sea
38%
Novel 1971 Bear Island
31%
Novel 1978 Goodbye California
31%
Novel 1969 Puppet on a Chain
31%
Novel 1962 The Golden Rendezvous
31%
Novel 1983 Floodgate
25%
Novel 1958 South by Java Head
25%
Short Story 1985 The Dileas
25%
Novel 1959 The Last Frontier
25%
Short Story 1985 The Sinking of the Bismarck
13%
Non-Fiction Book 1972 Captain Cook
6%
Non-Fiction Book 1962 All About Lawrence of Arabia
0%
Non-Fiction Book 1972 Allistair MacLean Introduces Scotland
0%
Short Story 1985 City of Benares
0%
Short Story 1985 Lancastria
0%
Short Story 1985 MacHinery and the Cauliflowers
0%
Short Story 1985 McCrimmon and the Blue Moonstones
0%
Short Story 1985 Rawalpindi
0%
Short Story 1985 Rendezvous
0%
Short Story 1985 St. George and the Dragon
0%
Short Story 1985 The Arandora Star
0%
Short Story 1985 The Black Storm
0%
Short Story 1985 The Gold Watch
0%
Short Story 1985 The Good Samaritan
0%
Short Story 1985 The Jervis Bay
0%
Short Story 1985 The Meknes
0%
Short Story 1985 They Sweep the Seas
0%
No matching quizzes found
Score Distribution
Percent of People with Each Score
Percentile by Number Answered
Your Score History
You have not taken this quiz